000 00370 a2200169 4500
001 175526
020 _a85-209-0888-8
040 _cMagnum
100 _aBrandão, Jacyntho José Lins
240 1 0 _aO fosso de Babel
_lpor
245 1 0 _aO fosso de Babel
300 _a198
362 0 _a1997
440 1 _aNova Fronteira
697 _aLITERATURA GERAL
942 _cBK
999 _c175526
_d175526